000 00758nam a22002537a 4500
003 UA-OsUOA
001 69801
007 ta
008 20100706b un ||||| |||| 00| 0 ukr d
100 _aПоленица С. В.
700 _aКолдаева Н. П.
090 _a340.134(470-571)
_bП49
942 _cBK
040 _aUA-OsUOA
_brus
_cUA-OsUOA
_dUA-OsUOA
245 _aО свободе законов Российскй Федерации
300 _a56 с.
955 _a2
041 _arus
080 _a340.134(470-571)
020 _a5-201-01355-4
260 _aМ.
_c1997
650 7 _a340 Право в цілому. Пропедевтика. Методи та допоміжні правничі науки
_2UDC
999 _c356076
_d356076